México y España : (Record no. 196271)
[ view plain ]
| 000 -LEADER | |
|---|---|
| campo de control de longitud fija | 02923nam a2200337 i 4500 |
| 001 - NÚMERO DE CONTROL | |
| campo de control | 196271 |
| 003 - IDENTIFICADOR DE NÚMERO DE CONTROL | |
| campo de control | ES-MaACL |
| 005 - FECHA Y HORA DE LA ÚLTIMA TRANSACCIÓN | |
| campo de control | 20250711063133.0 |
| 008 - DATOS DE LONGITUD FIJA--INFORMACIÓN GENERAL | |
| campo de control de longitud fija | 240823s2018 sp ||||| |||| 00| 0 spa d |
| 020 ## - NÚMERO INTERNACIONAL ESTÁNDAR DEL LIBRO | |
| Número Internacional Estándar del Libro | 9786074461282 |
| 040 ## - FUENTE DE CATALOGACIÓN | |
| Centro/agencia transcriptor | ES-MaACL |
| 100 0# - ENTRADA PRINCIPAL--NOMBRE DE PERSONA | |
| 9 (RLIN) | 90940 |
| Nombre de persona | Pérez Herrero, Pedro |
| Término indicativo de función/relación | Autor |
| 245 ## - MENCIÓN DEL TÍTULO | |
| Título | México y España : |
| Resto del título | Del establecimiento de relaciones diplomáticas a la cooperación estratégica, 1977-2017 |
| Mención de responsabilidad, etc. | Pedro Pérez Herrero, Agustín Sánchez Andrés, Carlos Sola Ayape. |
| 250 ## - MENCION DE EDICION | |
| Mención de edición | Primera edición, 2018 |
| 260 ## - PUBLICACIÓN, DISTRIBUCIÓN, ETC. | |
| Lugar de publicación, distribución, etc. | Ciudad de México ; |
| Nombre del editor, distribuidor, etc. | Secretaría de Relaciones Exteriores, |
| Fecha de publicación, distribución, etc. | 2018. |
| 300 ## - DESCRIPCIÓN FÍSICA | |
| Extensión | 116 p. : |
| Dimensiones | 23 cm. |
| 336 ## - TIPO DE CONTENIDO | |
| Fuente | rdacontent |
| Término de tipo de contenido | Texto |
| 337 ## - TIPO DE MEDIO | |
| Fuente | rdamedia |
| Nombre/término del tipo de medio | sin mediación |
| 338 ## - TIPO DE SOPORTE | |
| Fuente | rdacarrier |
| Nombre/término del tipo de soporte | volumen |
| 520 ## - RESUMEN, ETC. | |
| Sumario, etc. | El establecimiento de las relaciones diplomáticas de México con España en 1977, tras el final de la dictadura franquista, inauguró un nuevo ciclo en las complejas relaciones entre los dos países. Superadas –no sin algunas fricciones– las tensiones del pasado, la nueva etapa se caracterizó por el considerable incremento de los intercambios económicos y financieros y por una creciente cooperación en todos los campos. La firma del Tratado General de Cooperación y Amistad en 1990 sirvió de cauce para la intensificación de la colaboración comercial, financiera, técnica, educativa y cultural a lo largo de las siguientes décadas.<br/><br/>En el escenario internacional, la cooperación estratégica entre ambos países se tradujo en el respaldo a los procesos de democratización en Centroamérica durante la década de 1980, para enfocarse en las siguientes décadas en el impulso dado a las Cumbres Iberoamericanas, cuya organización correspondió a una iniciativa hispano-mexicana.<br/><br/>En la actualidad, las relaciones bilaterales han pasado a girar en torno a sólidos vínculos de interés común basados en el incremento de los intercambios comerciales y financieros. La gravitación del Tratado de Libre Comercio de América del Norte sobre la economía mexicana y la institucionalización de las relaciones entre México y la Unión Europea plantean, no obstante, la cuestión de si en el futuro será necesario redefinir los cauces por los que han venido discurriendo en las últimas décadas las relaciones con España. |
| 650 #4 - PUNTO DE ACCESO ADICIONAL DE MATERIA--TÉRMINO DE MATERIA | |
| 9 (RLIN) | 11350 |
| Término de materia o nombre geográfico como elemento de entrada | Cooperación internacional |
| 651 #7 - PUNTO DE ACCESO ADICIONAL DE MATERIA--NOMBRE GEOGRÁFICO | |
| 9 (RLIN) | 172959 |
| Nombre geográfico | México- |
| Subdivisión general | Relaciones- |
| Subdivisión geográfica | España |
| 651 #7 - PUNTO DE ACCESO ADICIONAL DE MATERIA--NOMBRE GEOGRÁFICO | |
| 9 (RLIN) | 165181 |
| Nombre geográfico | España- |
| Subdivisión general | Relaciones- |
| Subdivisión geográfica | México |
| 700 0# - ENTRADA AGREGADA--NOMBRE PERSONAL | |
| 9 (RLIN) | 102455 |
| Nombre de persona | Sánchez Andrés, Agustín |
| Término indicativo de función/relación | Autor |
| 700 1# - ENTRADA AGREGADA--NOMBRE PERSONAL | |
| 9 (RLIN) | 163905 |
| Nombre de persona | Sola Ayape, Carlos |
| Término indicativo de función/relación | Autor |
| 852 ## - LOCALIZACIÓN | |
| Ubicación | ES-MaACL |
| Sublocalización o colección | R.152819 |
| Ubicación en estantería | Depósito J |
| Número de control de estantería | N-9325 |
| Donativo/Legado | Donación: Editorial |
| Encuadernación | Encuadernación rústica con solapas |
| Nota libre | 205396 |
| 942 ## - ELEMENTOS DE ENTRADA SECUNDARIOS (KOHA) | |
| Tipo de ítem Koha | Libro impreso |
| Suprimir en OPAC | No |
| Estatus retirado | Estado de pérdida | Fuente del sistema de clasificación o colocación | Estado de daño | No para préstamo | Biblioteca de origen | Biblioteca actual | Ubicación en estantería | Fecha de adquisición | Fuente de adquisición | Total de préstamos | Signatura topográfica completa | Código de barras | Visto por última vez | Precio de reemplazo | Tipo de ítem Koha |
|---|---|---|---|---|---|---|---|---|---|---|---|---|---|---|---|
| Clasificación decimal universal | Biblioteca del Ateneo de Madrid | Biblioteca del Ateneo de Madrid | Depósito J | 10/05/2025 | Donación | N-9325 | 101230048 | 10/05/2025 | 10/05/2025 | Libro impreso |
